[Event "Titled Tuesday intern op 13th Feb Early"]
[Site "Chess.com INT"]
[Date "2024.02.13"]
[Round "2"]
[White "Gulecyuz, Deniz Alp"]
[Black "Rietze, Clemens"]
[Result "1-0"]
[WhiteElo "1985"]
[BlackElo "2343"]
[PlyCount "143"]
[EventDate "2024.02.13"]
[EventType "swiss (blitz)"]
[EventRounds "11"]
[EventCountry "USA"]
[SourceTitle "CB08_2024"]
[SourceDate "2024.02.21"]
[SourceVersion "1"]
[SourceVersionDate "2024.02.21"]
[SourceQuality "1"]

1. e4 c5 2. Nf3 Nc6 3. d4 cxd4 4. Nxd4 Nf6 5. Nc3 d6 6. Be2 e6 7. Bg5 Be7 8. Qd2 a6 9. 0-0-0 0-0 10. Nxc6 bxc6 11. Bxf6 Bxf6 12. Qxd6 Qb6 13. e5 Bg5+ 14. Kb1 Qxf2 15. Bf3 Qa7 16. Ne4 Be7 17. Qxc6 Rb8 18. Nd6 Bd7 19. Qe4 Qb6 20. Nc4 Qc7 21. Nd6 Rb6 22. Rd3 Rc6 23. Rc1 Bxd6 24. exd6 Rxd6 25. Rxd6 Qxd6 26. Rd1 Qc7 27. Qd4 Bb5 28. a4 Be8 29. Be2 Qxh2 30. Bxa6 Qxg2 31. Bd3 Qb7 32. Rg1 f6 33. Qh4 f5 34. Qc4 Bf7 35. Qd4 Bg6 36. Bc4 Kh8 37. Bxe6 f4 38. Bb3 f3 39. Qe3 f2 40. Rf1 Qg2 41. Bc4 h5 42. a5 h4 43. Qe7 Qf3 44. Qxh4+ Bh7 45. Bd3 g6 46. Bxg6 Rf7 47. Bxf7 Qxf7 48. Qxf2 Qe7 49. Qf8+ Qxf8 50. Rxf8+ Kg7 51. Rf1 Be4 52. Re1 Bd5 53. b4 Bc4 54. c3 Bb5 55. Kc2 Ba4+ 56. Kd2 Bb5 57. Ke3 Ba6 58. Kd4 Bb5 59. Kc5 Ba6 60. Kb6 Bc8 61. a6 Bg4 62. a7 Bf3 63. c4 Ba8 64. c5 Bf3 65. c6 Kg6 66. c7 Kg5 67. c8Q Bg4 68. Qc5+ Kf4 69. Qe5+ Kf3 70. Qe3+ Kg2 71. Rg1+ Kh2 72. Qg3# 1-0

[Event "Titled Tuesday intern op 16th Jan Late"]
[Site "Chess.com INT"]
[Date "2024.01.16"]
[Round "4"]
[White "Gulecyuz, Deniz Alp"]
[Black "Buchenau, Frank"]
[Result "1-0"]
[WhiteElo "1985"]
[BlackElo "2135"]
[PlyCount "53"]
[EventDate "2024.01.16"]
[EventType "swiss (blitz)"]
[EventRounds "11"]
[EventCountry "USA"]
[SourceTitle "CB04_2024"]
[SourceDate "2023.10.16"]
[SourceVersion "1"]
[SourceVersionDate "2023.10.16"]
[SourceQuality "1"]

1. e4 e6 2. d4 d5 3. Nd2 Nf6 4. e5 Nfd7 5. f4 c5 6. c3 Nc6 7. Ndf3 Qb6 8. g3 cxd4 9. cxd4 Bb4+ 10. Kf2 f6 11. Kg2 0-0 12. Bd3 fxe5 13. fxe5 Ndxe5 14. dxe5 Nxe5 15. Nxe5 Qf2+ 16. Kh3 Bd6 17. Ngf3 Rxf3 18. Qxf3 Qxf3 19. Nxf3 e5+ 20. Kg2 e4 21. Be2 exf3+ 22. Bxf3 Be6 23. Rd1 Rc8 24. Bxd5 Rc2+ 25. Kh1 Kf7 26. Bg5 Bxd5+ 27. Rxd5 1-0

[Event "Titled Tuesday intern op 16th Jan Late"]
[Site "Chess.com INT"]
[Date "2024.01.16"]
[Round "6"]
[White "Gulecyuz, Deniz Alp"]
[Black "Silva, Miguel Antonio Neto"]
[Result "0-1"]
[WhiteElo "1985"]
[BlackElo "2211"]
[PlyCount "64"]
[EventDate "2024.01.16"]
[EventType "swiss (blitz)"]
[EventRounds "11"]
[EventCountry "USA"]
[SourceTitle "CB04_2024"]
[SourceDate "2023.10.16"]
[SourceVersion "1"]
[SourceVersionDate "2023.10.16"]
[SourceQuality "1"]

1. c4 g6 2. Nc3 Bg7 3. g3 c5 4. Bg2 Nc6 5. d3 e5 6. e3 d6 7. Nge2 Nge7 8. a3 0-0 9. Rb1 a5 10. 0-0 Be6 11. Nb5 d5 12. cxd5 Nxd5 13. Nec3 Nde7 14. Qc2 Rc8 15. b3 Qd7 16. Bb2 b6 17. Rfd1 Nd4 18. exd4 cxd4 19. a4 dxc3 20. Nxc3 Nd5 21. Qd2 Nb4 22. Ba1 Rfd8 23. Nb5 Qxd3 24. Qe1 Qf5 25. Qe3 Rxd1+ 26. Rxd1 Nc2 27. Qxb6 Nxa1 28. Rxa1 Bxb3 29. Nd6 Qe6 30. Nxc8 Qxc8 31. Qxb3 e4 32. Re1 h5 0-1

[Event "Titled Tuesday intern op 16th Jan Late"]
[Site "Chess.com INT"]
[Date "2024.01.16"]
[Round "3"]
[White "Salman, Ilhan Serhat"]
[Black "Gulecyuz, Deniz Alp"]
[Result "1-0"]
[WhiteElo "2092"]
[BlackElo "1985"]
[PlyCount "105"]
[EventDate "2024.01.16"]
[EventType "swiss (blitz)"]
[EventRounds "11"]
[EventCountry "USA"]
[SourceTitle "CB04_2024"]
[SourceDate "2023.10.16"]
[SourceVersion "1"]
[SourceVersionDate "2023.10.16"]
[SourceQuality "1"]

1. d4 Nf6 2. Bg5 e6 3. Nf3 d5 4. e3 c5 5. c4 Nc6 6. cxd5 exd5 7. Nc3 cxd4 8. Nxd4 Bb4 9. Rc1 0-0 10. a3 Be7 11. Be2 Ne4 12. Bxe7 Nxe7 13. 0-0 Ng6 14. Bf3 Nxc3 15. Rxc3 Ne5 16. Qb3 Be6 17. Rfc1 Nc4 18. Nxe6 fxe6 19. Qxb7 Rb8 20. Qc6 Rb6 21. Qa4 Qg5 22. b3 Ne5 23. Be2 Ng6 24. Rc8 Nh4 25. Rxf8+ Kxf8 26. Rc8+ Ke7 27. Qe8+ Kf6 28. Qd8+ Kg6 29. Bd3+ Nf5 30. Qxg5+ Kxg5 31. Bxf5 Kxf5 32. b4 Ra6 33. Rc3 e5 34. f3 d4 35. exd4 exd4 36. Rc7 Kf6 37. Rd7 Rxa3 38. Rxd4 Ra2 39. h3 Rb2 40. Kh2 a6 41. Kg3 Kg5 42. h4+ Kh5 43. Kh3 g6 44. Rd7 Kh6 45. g4 g5 46. Rd6+ Kg7 47. hxg5 Rxb4 48. Rxa6 Rb5 49. Kh4 Rb1 50. g6 hxg6 51. f4 Rh1+ 52. Kg5 Rh6 53. Ra7+ 1-0

[Event "Titled Tuesday intern op 04th Oct Late"]
[Site "Chess.com INT"]
[Date "2022.10.04"]
[Round "6"]
[White "Kostiukov, Alexandr"]
[Black "Gulecyuz, Deniz Alp"]
[Result "1-0"]
[WhiteElo "2271"]
[BlackElo "1985"]
[PlyCount "77"]
[EventDate "2022.10.04"]
[EventType "swiss (blitz)"]
[EventRounds "11"]
[EventCountry "USA"]
[SourceTitle "EXT 2023"]
[Source "ChessBase"]
[SourceDate "2022.10.05"]
[SourceVersion "1"]
[SourceVersionDate "2022.10.05"]
[SourceQuality "1"]

1. c4 Nf6 2. g3 g6 3. Bg2 Bg7 4. Nf3 c5 5. 0-0 0-0 6. d4 cxd4 7. Nxd4 Nc6 8. c5 Nxd4 9. Qxd4 d6 10. cxd6 Qxd6 11. Qxd6 exd6 12. Rd1 d5 13. Nc3 Be6 14. Be3 Rfd8 15. Rac1 a6 16. Bb6 Rd7 17. Na4 Ne4 18. b3 Bf8 19. Nc5 Nxc5 20. Bxc5 Rc8 21. Bxf8 Rxc1 22. Rxc1 Kxf8 23. Kf1 Ke7 24. Ke1 Kd6 25. Kd2 h5 26. Ke3 Rd8 27. Kd4 b6 28. b4 f6 29. a4 Bd7 30. Bxd5 Bxa4 31. e4 Bd7 32. f4 g5 33. e5+ fxe5+ 34. fxe5+ Ke7 35. Rc7 Rc8 36. Rb7 Rc2 37. e6 Rd2+ 38. Ke4 Re2+ 39. Kd3 1-0

[Event "Titled Tuesday intern op 04th Oct Late"]
[Site "Chess.com INT"]
[Date "2022.10.04"]
[Round "4"]
[White "Yeritsyan, Hayk"]
[Black "Gulecyuz, Deniz Alp"]
[Result "0-1"]
[WhiteElo "2228"]
[BlackElo "1985"]
[PlyCount "86"]
[EventDate "2022.10.04"]
[EventType "swiss (blitz)"]
[EventRounds "11"]
[EventCountry "USA"]
[SourceTitle "EXT 2023"]
[Source "ChessBase"]
[SourceDate "2022.10.05"]
[SourceVersion "1"]
[SourceVersionDate "2022.10.05"]
[SourceQuality "1"]

1. d4 Nf6 2. Nf3 g6 3. Bf4 d5 4. h3 Bg7 5. e3 0-0 6. c3 c5 7. Be2 e6 8. 0-0 Nc6 9. Na3 a6 10. Rc1 Bd7 11. dxc5 Ne4 12. Nb1 a5 13. Nfd2 e5 14. Nxe4 dxe4 15. Bg3 Be6 16. b3 a4 17. Nd2 axb3 18. axb3 f5 19. Bc4 Qe7 20. Bxe6+ Qxe6 21. Nc4 Na5 22. Nxa5 Rxa5 23. b4 Ra2 24. Ra1 Rxa1 25. Qxa1 Qc4 26. Qa7 f4 27. Bh2 fxe3 28. Qxb7 e2 29. Re1 Qxc3 30. Qd5+ Kh8 31. Bxe5 Qxe1+ 32. Kh2 Qxf2 33. Qd6 Bxe5+ 34. Qxe5+ Qf6 35. Qxe4 Qf4+ 36. Qxf4 Rxf4 37. c6 e1Q 38. b5 Rf2 39. c7 Rf8 40. b6 Qe5+ 41. Kg1 Qd4+ 42. Kh2 Qxb6 43. c8Q Rxc8 0-1

[Event "Titled Tuesday intern op 26th Jul Late"]
[Site "Chess.com INT"]
[Date "2022.07.26"]
[Round "9"]
[White "Zanette, Edgard Vinicius"]
[Black "Gulecyuz, Deniz Alp"]
[Result "1-0"]
[WhiteElo "2115"]
[BlackElo "1989"]
[PlyCount "67"]
[EventDate "2022.07.26"]
[EventType "swiss (blitz)"]
[EventRounds "11"]
[EventCountry "USA"]
[SourceTitle "EXT 2023"]
[Source "ChessBase"]
[SourceDate "2022.10.05"]
[SourceVersion "1"]
[SourceVersionDate "2022.10.05"]
[SourceQuality "1"]

1. e4 c5 2. Nc3 e6 3. Nf3 Nc6 4. d4 cxd4 5. Nxd4 d6 6. Be3 Nf6 7. Be2 Be7 8. Qd2 0-0 9. 0-0-0 Nxd4 10. Bxd4 e5 11. Be3 Qa5 12. Kb1 Be6 13. Nd5 Qd8 14. Nxe7+ Qxe7 15. Qxd6 Qxd6 16. Rxd6 Nxe4 17. Rdd1 Rfd8 18. Bf3 f5 19. Bxe4 fxe4 20. b3 b5 21. Rxd8+ Rxd8 22. Bxa7 Kf7 23. Be3 Kf6 24. a3 g5 25. h3 h5 26. Kb2 Kf5 27. Ra1 g4 28. hxg4+ Kxg4 29. a4 b4 30. a5 Bc8 31. a6 Be6 32. Ra5 Kf5 33. a7 Ra8 34. Rb5 1-0

[Event "Titled Tuesday intern op 28th Jun Late"]
[Site "Chess.com INT"]
[Date "2022.06.28"]
[Round "4"]
[White "Gulecyuz, Deniz Alp"]
[Black "De Souza, Cristiano Gomes"]
[Result "0-1"]
[WhiteElo "1975"]
[BlackElo "2018"]
[PlyCount "60"]
[EventDate "2022.06.28"]
[EventType "swiss (blitz)"]
[EventRounds "11"]
[EventCountry "USA"]
[SourceTitle "CBM 209 Extra"]
[Source "ChessBase"]
[SourceDate "2022.09.30"]
[SourceVersion "1"]
[SourceVersionDate "2022.09.30"]
[SourceQuality "1"]

1. d4 Nf6 2. c4 g6 3. Nc3 d6 4. e4 Bg7 5. Nf3 0-0 6. Be2 e5 7. d5 Nbd7 8. h4 Nc5 9. Nd2 a5 10. g4 Qe7 11. g5 Ne8 12. Nf1 f5 13. h5 fxe4 14. Ng3 Bf5 15. Nxf5 gxf5 16. h6 Bh8 17. Rg1 f4 18. g6 hxg6 19. Rxg6+ Kh7 20. Rg1 Nf6 21. Bh5 Rg8 22. Kd2 Rxg1 23. Qxg1 Rg8 24. Qh1 Nxh5 25. Qxh5 Qf6 26. Kc2 e3 27. fxe3 Rg5 28. Qe8 Qf5+ 29. Kd2 Qd3+ 30. Ke1 Rg1+ 0-1

[Event "Titled Tuesday intern op 07th Jun Late"]
[Site "Chess.com INT"]
[Date "2022.06.07"]
[Round "1"]
[White "Gulecyuz, Deniz Alp"]
[Black "Adewumi, Tanitoluwa"]
[Result "1-0"]
[WhiteElo "1975"]
[BlackElo "2305"]
[PlyCount "121"]
[EventDate "2022.06.07"]
[EventType "swiss (blitz)"]
[EventRounds "11"]
[EventCountry "USA"]
[SourceTitle "CBM 208 Extra"]
[Source "ChessBase"]
[SourceDate "2022.07.31"]
[SourceVersion "1"]
[SourceVersionDate "2022.07.31"]
[SourceQuality "1"]

1. e4 c5 2. Nf3 e6 3. d4 cxd4 4. Nxd4 Nc6 5. c4 f6 6. Nc3 a6 7. Be3 Nge7 8. Be2 Nxd4 9. Qxd4 Nc6 10. Qd2 Be7 11. 0-0 d6 12. a3 0-0 13. b4 f5 14. exf5 Rxf5 15. Rad1 Bd7 16. Bg4 Rf8 17. Ne4 Ne5 18. Be2 Ba4 19. Nxd6 Bxd1 20. Rxd1 Qd7 21. c5 Rad8 22. Bf4 Ng6 23. Bg3 Bf6 24. Bc4 Kh8 25. Re1 Bh4 26. Bxe6 Qc7 27. Nf7+ Rxf7 28. Bxc7 Rxd2 29. Bxf7 Bxf2+ 30. Kf1 Bxe1 31. Kxe1 Rd7 32. Bxg6 hxg6 33. Bd6 Rf7 34. Ke2 Kg8 35. a4 Rf5 36. b5 axb5 37. axb5 Kf7 38. c6 bxc6 39. bxc6 Ke6 40. c7 Kd7 41. Bg3 g5 42. Ke3 g4 43. Ke4 g6 44. Kd4 Rf1 45. Ke5 Rf5+ 46. Ke4 Kc8 47. Ke3 Rf1 48. Ke4 Rg1 49. Kd5 Rxg2 50. Ke6 Rf2 51. Bxf2 Kxc7 52. Bg3+ Kd8 53. Kf6 g5 54. Kxg5 Ke7 55. Kxg4 Kf7 56. h4 Kg8 57. h5 Kh8 58. Kg5 Kg8 59. h6 Kh8 60. Kg6 Kg8 61. h7+ 1-0

[Event "Titled Tuesday intern op 07th Jun Late"]
[Site "Chess.com INT"]
[Date "2022.06.07"]
[Round "4"]
[White "Gulecyuz, Deniz Alp"]
[Black "Daeschler, Florian"]
[Result "1-0"]
[WhiteElo "1975"]
[BlackElo "2219"]
[PlyCount "111"]
[EventDate "2022.06.07"]
[EventType "swiss (blitz)"]
[EventRounds "11"]
[EventCountry "USA"]
[SourceTitle "CBM 208 Extra"]
[Source "ChessBase"]
[SourceDate "2022.07.31"]
[SourceVersion "1"]
[SourceVersionDate "2022.07.31"]
[SourceQuality "1"]

1. e4 c5 2. Nf3 e6 3. d4 cxd4 4. Nxd4 Nf6 5. Nc3 d6 6. Bg5 Be7 7. Qd2 h6 8. Be3 Ng4 9. 0-0-0 Nxe3 10. Qxe3 Nc6 11. Nxc6 bxc6 12. f4 e5 13. Kb1 exf4 14. Qxf4 Be6 15. e5 d5 16. Qa4 0-0 17. Qxc6 Rb8 18. Nxd5 Kh8 19. Bc4 Ba3 20. Bb3 Qa5 21. bxa3 Rfc8 22. Qd6 Rd8 23. Qc7 Qxa3 24. Nc3 Rdc8 25. Nb5 Rxb5 26. Rd8+ Rxd8 27. Qxd8+ Kh7 28. Qd3+ g6 29. Qxb5 Qe7 30. Re1 Bf5 31. Qc4 Kg7 32. Qxf7+ Qxf7 33. Bxf7 Kxf7 34. Kb2 Ke6 35. c4 Kd7 36. Kc3 Be6 37. Kd4 Kc6 38. a4 Kb6 39. Rb1+ Kc6 40. Rb5 Bd7 41. Ra5 Kb6 42. Rd5 Bxa4 43. Rd6+ Kc7 44. Rxg6 a5 45. Rxh6 Bc6 46. Kc5 a4 47. Rxc6+ Kb7 48. Ra6 Kxa6 49. Kb4 Kb6 50. Kxa4 Kc5 51. Kb3 Kc6 52. Kc3 Kd7 53. Kd4 Ke6 54. c5 Kd7 55. Kd5 Kc7 56. e6 1-0

[Event "Titled Tuesday intern op 07th Jun Late"]
[Site "Chess.com INT"]
[Date "2022.06.07"]
[Round "5"]
[White "Skytte, Rasmus"]
[Black "Gulecyuz, Deniz Alp"]
[Result "1-0"]
[WhiteElo "2349"]
[BlackElo "1975"]
[PlyCount "61"]
[EventDate "2022.06.07"]
[EventType "swiss (blitz)"]
[EventRounds "11"]
[EventCountry "USA"]
[SourceTitle "CBM 208 Extra"]
[Source "ChessBase"]
[SourceDate "2022.07.31"]
[SourceVersion "1"]
[SourceVersionDate "2022.07.31"]
[SourceQuality "1"]

1. e4 c5 2. d4 cxd4 3. c3 Nf6 4. e5 Nd5 5. Nf3 Nc6 6. Bc4 Nb6 7. Bb3 d6 8. exd6 Qxd6 9. 0-0 Be6 10. Na3 Bxb3 11. Qxb3 dxc3 12. Nb5 Qb8 13. Ng5 e6 14. Nxe6 fxe6 15. Qxe6+ Be7 16. Re1 Nc8 17. Bg5 a6 18. Bxe7 N6xe7 19. Nxc3 Qd6 20. Qb3 Qb6 21. Rxe7+ Kxe7 22. Re1+ Kd7 23. Qf7+ Kc6 24. Nd5 Qd8 25. Rc1+ Kd6 26. Qxb7 Ne7 27. Nf4 Ke5 28. Qf3 Rc8 29. Re1+ Kd6 30. Rd1+ Kc5 31. Ne6+ 1-0

[Event "Titled Tuesday intern op 05th Apr Late"]
[Site "Chess.com INT"]
[Date "2022.04.05"]
[Round "5"]
[White "Clawitter, Craig"]
[Black "Gulecyuz, Deniz Alp"]
[Result "1-0"]
[WhiteElo "2050"]
[BlackElo "1975"]
[PlyCount "39"]
[EventDate "2022.04.05"]
[EventType "swiss (blitz)"]
[EventRounds "11"]
[EventCountry "USA"]
[SourceTitle "CBM 207 Extra"]
[Source "ChessBase"]
[SourceDate "2022.05.31"]
[SourceVersion "1"]
[SourceVersionDate "2022.05.31"]
[SourceQuality "1"]

1. e4 c5 2. Nf3 Nc6 3. d4 cxd4 4. Nxd4 Nf6 5. Nc3 e5 6. Ndb5 d6 7. Bg5 a6 8. Na3 b5 9. Bxf6 gxf6 10. Nd5 Bg7 11. Bd3 Ne7 12. Nxe7 Qxe7 13. 0-0 f5 14. exf5 e4 15. Bxe4 0-0 16. Bxa8 Bxb2 17. Re1 Qf6 18. Be4 Bxa3 19. Re3 Kh8 20. Rxa3 1-0

[Event "Titled Tuesday intern op 05th Apr Late"]
[Site "Chess.com INT"]
[Date "2022.04.05"]
[Round "1"]
[White "Roberson, Peter T"]
[Black "Gulecyuz, Deniz Alp"]
[Result "1-0"]
[WhiteElo "2430"]
[BlackElo "1975"]
[PlyCount "60"]
[EventDate "2022.04.05"]
[EventType "swiss (blitz)"]
[EventRounds "11"]
[EventCountry "USA"]
[SourceTitle "CBM 207 Extra"]
[Source "ChessBase"]
[SourceDate "2022.05.31"]
[SourceVersion "1"]
[SourceVersionDate "2022.05.31"]
[SourceQuality "1"]

1. e4 c5 2. Nf3 Nc6 3. b3 Nf6 4. e5 Nd5 5. Bb2 d6 6. g3 Bf5 7. Bg2 e6 8. 0-0 Rc8 9. Re1 Ndb4 10. d3 d5 11. Nh4 Bg6 12. f4 Be7 13. Nxg6 hxg6 14. Nd2 b5 15. a3 Na6 16. a4 bxa4 17. Rxa4 Qb6 18. c4 Nab4 19. Qe2 Nc2 20. Rf1 N6d4 21. Bxd4 Nxd4 22. Qd1 Rd8 23. h4 Nf5 24. Qf3 d4 25. Rfa1 Rd7 26. Qa8+ Bd8 27. Bc6 Nxg3 28. Rxa7 Rxh4 29. Rxd7 Nf5 30. Rc7+ Kf8 1-0

[Event "Titled Tuesday intern op 29th Mar Late"]
[Site "Chess.com INT"]
[Date "2022.03.29"]
[Round "3"]
[White "Barbero Sendic, Alejandro"]
[Black "Gulecyuz, Deniz Alp"]
[Result "1-0"]
[WhiteElo "2320"]
[BlackElo "1975"]
[PlyCount "75"]
[EventDate "2022.03.29"]
[EventType "swiss (blitz)"]
[EventRounds "11"]
[EventCountry "USA"]
[SourceTitle "CBM 207 Extra"]
[Source "ChessBase"]
[SourceDate "2022.05.31"]
[SourceVersion "1"]
[SourceVersionDate "2022.05.31"]
[SourceQuality "1"]

1. d4 Nf6 2. Nc3 d5 3. Bf4 e6 4. Nb5 Na6 5. e3 c6 6. Nc3 Nc7 7. Nf3 Bd6 8. Ne5 0-0 9. g4 Ne4 10. Nxe4 dxe4 11. g5 Nd5 12. Bg2 f6 13. Bxe4 fxe5 14. Qh5 g6 15. Bxg6 hxg6 16. Qxg6+ Kh8 17. dxe5 Bb4+ 18. c3 Nxc3 19. bxc3 Bxc3+ 20. Ke2 Qd2+ 21. Kf3 Qd5+ 22. Kg3 Bxe5 23. Rad1 Bxf4+ 24. exf4 Qf5 25. Qh6+ Kg8 26. g6 Qxf4+ 27. Qxf4 Rxf4 28. Kxf4 e5+ 29. Kxe5 Bg4 30. Rd6 Re8+ 31. Kf4 Be2 32. h4 Kg7 33. h5 Kh6 34. Rg1 Bxh5 35. g7+ Kh7 36. Rh1 Kxg7 37. Rxh5 Rf8+ 38. Rf5 1-0

[Event "Titled Tuesday intern op 29th Mar Late"]
[Site "Chess.com INT"]
[Date "2022.03.29"]
[Round "1"]
[White "Ozates, Tuna"]
[Black "Gulecyuz, Deniz Alp"]
[Result "0-1"]
[WhiteElo "2217"]
[BlackElo "1975"]
[PlyCount "168"]
[EventDate "2022.03.29"]
[EventType "swiss (blitz)"]
[EventRounds "11"]
[EventCountry "USA"]
[SourceTitle "CBM 207 Extra"]
[Source "ChessBase"]
[SourceDate "2022.05.31"]
[SourceVersion "1"]
[SourceVersionDate "2022.05.31"]
[SourceQuality "1"]

1. d4 Nf6 2. Bg5 e6 3. Nd2 d5 4. e4 dxe4 5. Nxe4 Be7 6. Bxf6 Bxf6 7. Nf3 0-0 8. Qd2 Be7 9. 0-0-0 b6 10. Bd3 Bb7 11. h4 c5 12. dxc5 bxc5 13. Qc3 Qb6 14. Rh3 Qb4 15. Ne5 Qxc3 16. Nxc3 Bf6 17. f4 Bxg2 18. Rg3 Bb7 19. h5 h6 20. Rdg1 Rd8 21. Ng4 Kf8 22. Nxf6 gxf6 23. Rg8+ Ke7 24. Rxd8 Kxd8 25. Rg7 Ke7 26. Bg6 Nd7 27. Rxf7+ Kd6 28. Rh7 Rg8 29. Rxh6 Nf8 30. Nb5+ Ke7 31. Kd2 a6 32. Na3 Bd5 33. c4 Bc6 34. Nc2 Nxg6 35. hxg6 Be4 36. Rh7+ Kd6 37. Ra7 Rxg6 38. Rxa6+ Kd7 39. Ne3 Rh6 40. a3 Rh2+ 41. Kc3 Rh3 42. Kd2 Rh2+ 43. Kd1 Rxb2 44. a4 Ra2 45. a5 e5 46. fxe5 fxe5 47. Kc1 Bc6 48. Nd1 e4 49. Nc3 Ra3 50. Nb5 Ra4 51. Ra7+ Ke6 52. Nc7+ Kd6 53. a6 Rxc4+ 54. Kd2 Ra4 55. Ke3 Ra3+ 56. Kf4 e3 57. Nb5+ Bxb5 58. Ra8 Bc6 59. Rd8+ Bd7 60. Kf3 e2+ 61. Kxe2 Rxa6 62. Kd2 Rc6 63. Kc2 c4 64. Rg8 Kc7 65. Rg7 Kd6 66. Kc3 Be6 67. Rg6 Kc5 68. Rg5+ Bd5 69. Rh5 Rb6 70. Rh4 Rb3+ 71. Kc2 Rg3 72. Rh8 Kd4 73. Rh4+ Be4+ 74. Kc1 Rg2 75. Rh3 Bd3 76. Rf3 Kc3 77. Rf1 Bxf1 78. Kb1 Bd3+ 79. Ka1 Rg1+ 80. Ka2 Kb4 81. Kb2 c3+ 82. Ka2 c2 83. Kb2 c1Q+ 84. Ka2 Qa1# 0-1

[Event "Titled Tuesday intern op 22 Mar Late"]
[Site "Chess.com INT"]
[Date "2022.03.22"]
[Round "3"]
[White "Melkumyan, Hrant"]
[Black "Gulecyuz, Deniz Alp"]
[Result "0-1"]
[WhiteElo "2649"]
[BlackElo "1975"]
[PlyCount "62"]
[EventDate "2022.03.22"]
[EventType "swiss (blitz)"]
[EventRounds "11"]
[EventCountry "USA"]
[SourceTitle "CBM 207 Extra"]
[Source "ChessBase"]
[SourceDate "2022.05.31"]
[SourceVersion "1"]
[SourceVersionDate "2022.05.31"]
[SourceQuality "1"]

1. e4 c5 2. Nf3 Nc6 3. Bb5 g6 4. 0-0 Bg7 5. c3 e5 6. Na3 Nge7 7. Re1 0-0 8. Nc2 a6 9. Bf1 d6 10. d4 Bg4 11. d5 Nb8 12. h3 Bxf3 13. Qxf3 f5 14. a4 Nd7 15. exf5 gxf5 16. Qd1 Nf6 17. Ne3 Qe8 18. Nc4 Rd8 19. Nb6 Kh8 20. a5 Qg6 21. Ra4 f4 22. b4 cxb4 23. Rxb4 f3 24. g3 e4 25. Qa4 Nf5 26. Kh2 Nxg3 27. fxg3 Nh5 28. Rexe4 Qxg3+ 29. Kh1 Qf2 30. Rg4 Qxf1+ 31. Rg1 Qxh3# 0-1

[Event "Titled Tuesday intern op 22 Mar Late"]
[Site "Chess.com INT"]
[Date "2022.03.22"]
[Round "6"]
[White "Milosevic, Milos"]
[Black "Gulecyuz, Deniz Alp"]
[Result "1-0"]
[WhiteElo "2268"]
[BlackElo "1975"]
[PlyCount "41"]
[EventDate "2022.03.22"]
[EventType "swiss (blitz)"]
[EventRounds "11"]
[EventCountry "USA"]
[SourceTitle "CBM 207 Extra"]
[Source "ChessBase"]
[SourceDate "2022.05.31"]
[SourceVersion "1"]
[SourceVersionDate "2022.05.31"]
[SourceQuality "1"]

1. e4 c5 2. Nc3 Nc6 3. f4 e6 4. Nf3 d5 5. Bb5 dxe4 6. Nxe4 Bd7 7. 0-0 a6 8. Bd3 Nf6 9. c3 Nxe4 10. Bxe4 Bd6 11. d4 cxd4 12. Nxd4 Qc7 13. Be3 Nxd4 14. Qxd4 0-0-0 15. Qa7 Bc6 16. Bb6 Qe7 17. Bxc6 Bb8 18. Bxb7+ Qxb7 19. Qxb7+ Kxb7 20. Bxd8 Rxd8 21. Rad1 1-0

[Event "Titled Tuesday intern op 22 Mar Late"]
[Site "Chess.com INT"]
[Date "2022.03.22"]
[Round "5"]
[White "Ozates, Tuna"]
[Black "Gulecyuz, Deniz Alp"]
[Result "1-0"]
[WhiteElo "2217"]
[BlackElo "1975"]
[PlyCount "65"]
[EventDate "2022.03.22"]
[EventType "swiss (blitz)"]
[EventRounds "11"]
[EventCountry "USA"]
[SourceTitle "CBM 207 Extra"]
[Source "ChessBase"]
[SourceDate "2022.05.31"]
[SourceVersion "1"]
[SourceVersionDate "2022.05.31"]
[SourceQuality "1"]

1. e4 c5 2. Nf3 Nc6 3. Bb5 g6 4. Bxc6 dxc6 5. d3 Bg7 6. h3 e5 7. Be3 b6 8. a3 f6 9. b4 cxb4 10. axb4 Nh6 11. d4 Nf7 12. d5 f5 13. c4 fxe4 14. Ng1 cxd5 15. cxd5 0-0 16. Ne2 Nd6 17. 0-0 a5 18. Nbc3 Bb7 19. bxa5 bxa5 20. Qa4 Kh8 21. Rfd1 Ba6 22. Ng3 Bd3 23. Ncxe4 Bxe4 24. Nxe4 Nf5 25. Bc5 Rf7 26. Ra3 Nd4 27. Bxd4 exd4 28. Rxd4 Qh4 29. d6 Raf8 30. d7 Rxf2 31. Rg3 Qf4 32. Rf3 Qc1+ 33. Kxf2 1-0

[Event "Titled Tuesday intern op 15 Mar Early"]
[Site "Chess.com INT"]
[Date "2022.03.15"]
[Round "4"]
[White "Gatterer, Florian"]
[Black "Gulecyuz, Deniz Alp"]
[Result "1-0"]
[WhiteElo "2165"]
[BlackElo "1975"]
[PlyCount "89"]
[EventDate "2022.03.15"]
[EventType "swiss (blitz)"]
[EventRounds "11"]
[EventCountry "USA"]
[SourceTitle "CBM 207 Extra"]
[Source "ChessBase"]
[SourceDate "2022.05.31"]
[SourceVersion "1"]
[SourceVersionDate "2022.05.31"]
[SourceQuality "1"]

1. b3 Nf6 2. Bb2 e6 3. Nf3 d5 4. g3 c5 5. Bg2 Nc6 6. d3 Bd6 7. Nbd2 0-0 8. e4 Bc7 9. 0-0 b5 10. a4 bxa4 11. Rxa4 Rb8 12. Qa1 a5 13. Ne5 Nxe5 14. Bxe5 Bxe5 15. Qxe5 Bd7 16. Ra2 Bc6 17. Rfa1 Ra8 18. Qc3 a4 19. Qxc5 axb3 20. Nxb3 Rxa2 21. Rxa2 Ba8 22. exd5 Nxd5 23. h3 Qc8 24. Qxc8 Rxc8 25. Nd4 Bb7 26. Ra7 Ba8 27. c4 Nc7 28. Rxc7 Rxc7 29. Bxa8 Rd7 30. Nb5 Rxd3 31. c5 Rd1+ 32. Kg2 Rc1 33. c6 Kf8 34. c7 Ke7 35. Bb7 Kd7 36. c8Q+ Rxc8 37. Bxc8+ Kxc8 38. Kf3 Kd7 39. Ke4 Ke7 40. f4 Kf6 41. g4 g6 42. g5+ Kg7 43. Ke5 h6 44. h4 hxg5 45. hxg5 1-0

[Event "Titled Tuesday intern op 15 Mar Early"]
[Site "Chess.com INT"]
[Date "2022.03.15"]
[Round "5"]
[White "Gulecyuz, Deniz Alp"]
[Black "Petrova, Irina"]
[Result "1-0"]
[WhiteElo "1975"]
[BlackElo "2127"]
[PlyCount "73"]
[EventDate "2022.03.15"]
[EventType "swiss (blitz)"]
[EventRounds "11"]
[EventCountry "USA"]
[SourceTitle "CBM 207 Extra"]
[Source "ChessBase"]
[SourceDate "2022.05.31"]
[SourceVersion "1"]
[SourceVersionDate "2022.05.31"]
[SourceQuality "1"]

1. Nf3 d6 2. g3 e5 3. Bg2 Nc6 4. d3 f5 5. c4 Nf6 6. Nc3 g6 7. 0-0 Bg7 8. Rb1 a5 9. a3 0-0 10. b4 axb4 11. axb4 h6 12. b5 Ne7 13. Qb3 Be6 14. Rd1 g5 15. Ne1 c6 16. Nc2 f4 17. d4 Qe8 18. Ba3 Nf5 19. dxe5 dxe5 20. Bxf8 Bxf8 21. bxc6 bxc6 22. Qb7 Rc8 23. Ne4 Nxe4 24. Bxe4 Qh5 25. Bf3 g4 26. Bxc6 Nd6 27. Qa6 Nxc4 28. Bg2 Re8 29. Bd5 Bxd5 30. Rxd5 f3 31. Qxc4 Qh3 32. Ne3 Kh8 33. exf3 gxf3 34. Rb7 Rc8 35. Qf1 Qe6 36. Rdd7 Bc5 37. Qb1 1-0